Amatevi e non moltiplicatevi : educazione, femminismo, libertà sessuale, antimilitarismo /

Gespeichert in:
Bibliographische Detailangaben
1. Verfasser: Moura, Maria Lacerda : de (Verfasst von)
Weitere Verfasser: Brunello, Giulia, Leite, Miriam L. Moreira, Schpun, Monica Raisa
Format: Buch
Sprache:Italienisch
Veröffentlicht: Santa Maria Capua Vetere : Spartaco, 2006
Schriftenreihe:Il risveglio ; 20
Schlagworte:
Tags: Tag hinzufügen
Keine Tags, Fügen Sie das erste Tag hinzu!

MARC

LEADER 00000nam a22000007i 4500
001 IT\ICCU\LO1\1049058
003 ItRI
005 20260115231954.0
008 060329s2006 it |||||| ||||| |||||c
020 |a 8887583579 
040 |b ita  |c importazione bologna sebina 
041 7 |a ita  |2 ISO-639-2 
100 1 |a Moura, Maria Lacerda : de  |0 IT\ICCU\LO1V\314307  |4 aut 
245 1 0 |a Amatevi e non moltiplicatevi :  |b educazione, femminismo, libertà sessuale, antimilitarismo /  |c Maria Lacerda de Moura ; a cura di Miriam L. Moreira Leite ; prefazione di Mônica R. Schpun ; traduzione di Giulia Brunello. 
260 |a Santa Maria Capua Vetere :  |b Spartaco,  |c 2006 
300 |a 247 p. :  |b ill. ;  |c 17 cm. 
650 7 |a Femminismo 
650 7 |a Femminismo  |x Brasile  |x 1920-1940  |2 scbi 
650 7 |a Pacifismo 
700 1 |a Brunello, Giulia  |0 IT\ICCU\LO1V\314309 
700 1 |a Leite, Miriam L. Moreira  |0 IT\ICCU\LO1V\314308 
700 1 |a Schpun, Monica Raisa  |0 IT\ICCU\TO0V\283614 
830 3 |a Il risveglio ;  |v 20  |0 IT\ICCU\LO1\0792529 
942 |2 ddc  |c BK  |n 0 
952 |0 0  |1 0  |4 0  |6 DOC_305_409000000000000_LAC  |7 0  |9 18200  |a BO  |b BO  |d 2026-01-15  |i 18348  |l 0  |o DOC 305.409 LAC  |p BO18348  |r 2026-01-15 23:19:54  |w 2026-01-15  |x [Sebina 5] [1 v.]  |y BK  |z 1 v. 
999 |c 15421  |d 15421